000 00266nam a22001097a 4500
008 240708b |||||||| |||| 00| 0 eng d
100 _aSamrush, Basu
_916626
245 _aBe Rang Aur Lavarish
260 _aDelhi:
_bAkshar Pub;
_c1969.
300 _a191p.
942 _cBK
999 _c40453
_d40453